| 000 | 00423nam a2200145Ia 4500 | ||
|---|---|---|---|
| 008 | 230917s9999||||xx |||||||||||||| ||und|| | ||
| 040 |
_e178550 _aMAIN |
||
| 041 | _aEnglish | ||
| 082 | _a891.433721 GY959B | ||
| 100 | _aभाटिया, रीता | ||
| 245 | 0 | _aयोगेश गुप्त के उपन्यासः चिन्तन और कला | |
| 260 | _c1983 | ||
| 300 | _a136 p. | ||
| 942 | _cTH | ||
| 999 |
_c40601 _d40601 |
||